000 00925nam0a22002771 4500
001 rc\3234670
005 20130115141805.3
021 _aRU
_b71-83393
021 _aRU
_bРг981-72
035 _a(NLR Aleph) 007372092
090 _a6418873
_c6418873
100 _a20130115d1971 |||y0rusy50 ca
101 0 _arus
102 _aRU
105 _ay z |||||
200 1 _aИспользование мониторной системы ИФВЭ с входным языком Фортран на ЭВМ Минск-32
210 _aНовосибирск
_cБ. и.
_d1971
215 _a7 с., включ. обл.
_d23
225 1 _aИнститут ядерной физики СО АН СССР. [Препринты]
_vИЯФ 44-71
320 _aБиблиогр.: с. 7
700 1 _aЭлюким
_bС. Б.
801 0 _aRU
_bNLR
_gpsbo
801 1 _aRU
_bELAR
_2rusmarc
852 _aNLR
_j71-7/1251
942 _cBOOK
980 _aNB